000 00801nam a2200253 a 4500
001 674242
003 OSt
005 20170105101156.0
008 951130s1996 nyua b 001 0 eng
010 _a 95061218
020 _z1572590955
040 _aDLC
_cDLC
050 0 0 _aHB172.5
_b.T738 1996
082 0 0 _a339
_220
100 1 _aTregarthen, Timothy D.
245 1 0 _aMacroeconomics /
_cTimothy Tregarthen.
260 _aNew York :
_bWorth Publishers,
_cc1996.
300 _axxxv, 501 p. :
_bcol. ill. ;
_c28 cm.
504 _aIncludes bibliographical references and index.
650 0 _aMacroeconomics.
906 _a7
_bcbc
_corignew
_d3
_eopcn
_f19
_gy-gencatlg
942 _2ddc
_cBK
999 _c2583
_d2583